| 000 | 00551nam a2200181 i 4500 | ||
|---|---|---|---|
| 001 | bg | ||
| 245 | 0 | _aMetodyka kompleksowych badań laboratoryjnych betonów lekkich. | |
| 260 |
_aWarszawa : _bITB, _c1983. |
||
| 490 | 1 | _aPrace Naukowe Instytutu Techniki Budowlanej. Monografie | |
| 650 | 9 |
_aBeton _xbadanie |
|
| 700 | 1 |
_aJARMONTOWICZ, Alina. _eRed. |
|
| 830 | _aPrace Naukowe Instytutu Techniki Budowlanej. Monografie | ||
| 040 | _cBPK | ||
| 041 | _apol | ||
| 080 | _a666.97/.98:691 | ||
| 942 | _cKS | ||
| 008 | s pl f |000 0 pol | ||
| 999 |
_c21934 _d21934 |
||
| 856 |
_uhttp://koha.tu.koszalin.pl/cgi-bin/koha/opac-detail.pl?biblionumber=21934 _yKatalog online BPK |
||